| 000 | 00428nam a22001337a 4500 | ||
|---|---|---|---|
| 008 | 090804t xxu||||| |||| 00| 0 eng d | ||
| 020 | _a977030865X | ||
| 082 |
_a320.54 _bع ب د |
||
| 245 |
_aالصهيونية: _bملف اسود/ _cاعداد هالة عبدالله |
||
| 260 |
_aالاسكندرية: _bمنشأة المعارف، _c2001 |
||
| 300 |
_a93 ؛ ص _c19 سم |
||
| 650 |
_98345 _aاليهودية |
||
| 942 |
_2ddc _cBB |
||
| 999 |
_c12526 _d12526 |
||